Pla Jove 1995 - 1999 / Diputació de Barcelona
ISBN:
84-7794-382-6
Descripción Física:
80 p. ; 30 cm
MARC
| LEADER | 00000nam a2200000Ia 4500 | ||
|---|---|---|---|
| 001 | 11113 | ||
| 008 | 160829s1995 xx 000 0 cat d | ||
| 020 | |a 84-7794-382-6 | ||
| 080 | |a S-1-143 | ||
| 100 | |a Pla Jove 1995-1999 |9 39699 | ||
| 245 | |a Pla Jove 1995 - 1999 / Diputació de Barcelona | ||
| 260 | |a Barcelona : |b Diputació de Barcelona, |c 1995 | ||
| 300 | |a 80 p. ; |c 30 cm | ||
| 500 | 9 | 0 | |a Hi ha duplicat: 867 i 876 caixa 21 (PDL) |
| 650 | |a Pla Jove 1995-1999 |9 39699 | ||
| 651 | 0 | |a Barcelona (Catalunya : Província) |x Política de la joventut |9 56246 | |
| 710 | 1 | |a Barcelona (Catalunya : Província). |b Oficina del Pla Jove |9 52707 | |
| 901 | |a Arxiu | ||
| 942 | |n 1 |2 udc | ||
| 952 | |0 0 |1 0 |4 0 |6 S1143 |7 1 |9 49169 |a Arxiu |b Arxiu |d 2016-12-01 |l 0 |o S-1-143 |p 11113 |r 2016-12-01 00:00:00 |w 2016-12-01 |y ARXIU | ||
| 999 | |c 53009 |d 53009 | ||